Thailand Province Abbreviations - Statistics

General Stats
  • This quiz has been taken 102 times
  • The average score is 20 of 76
Answer Stats
Hint Answer % Correct
บร Buri Ram
65%
อจ Amnat Charoen
59%
ชม Chiang Mai
55%
อท Ang Thong
54%
ชร Chiang Rai
54%
ชบ Chonburi
46%
ชย Chaiyaphum
45%
อต Uttaradit
45%
บก Bueng Kan
42%
ชน Chai Nat
42%
ขก Khon Kaen
41%
กบ Krabi
41%
ฉช Chachoengsao
39%
ยล Yala
39%
จบ Chanthaburi
38%
ลบ Lopburi
38%
ลป Lampang
36%
ชพ Chumphon
35%
กส Kalasin
35%
ลพ Lamphun
33%
นน Nan
33%
ตร Trat
33%
กจ Kanchanaburi
32%
ลย Loei
32%
อบ Ubon Ratchathani
32%
อด Udon Thani
30%
มค Maha Sarakham
29%
นย Nakhon Nayok
28%
นพ Nakhon Phanom
28%
สร Surin
28%
อน Uthai Thani
28%
ยส Yasothon
28%
รน Ranong
26%
ตก Tak
26%
ภก Phuket
25%
มส Mae Hong Son
23%
มห Mukdahan
23%
นว Nakhon Sawan
23%
รย Rayong
23%
ศก Si Sa Ket
23%
ตง Trang
23%
นม Nakhon Ratchasima
22%
นบ Nonthaburi
22%
สต Satun
22%
กพ Kamphaeng Phet
20%
ปน Pattani
20%
นธ Narathiwat
19%
นค Nong Khai
19%
ปท Pathum Thani
19%
พท Phatthalung
19%
พย Phayao
19%
ปจ PrachinBuri
19%
สฎ SuratThani
19%
นศ Nakhon Si Thammarat
17%
อย Phra Nakhon Si Ayutthanya
17%
สป Samut Prakan
17%
สบ Saraburi
17%
สห Sing Buri
17%
สข Songkhla
17%
พง Phang nga
16%
พร Phrae
14%
สก Sa Kaeo
14%
สน Sakon Nakhon
14%
นภ Nong Bua Lam Phu
13%
พบ Phetchaburi
13%
สท Sukhothai
12%
สพ SuphanBuri
12%
พช Phetchabun
10%
พจ Phichit
10%
พล Phitsanulok
10%
รบ Ratchaburi
10%
นฐ Nakhon Phathom
9%
ปข Prachuap Khiri Khan
9%
สค Samut Sakhon
9%
สส Samut Songkhram
9%
รอ Roi Et
7%
No matching quizzes found
Score Distribution
Percent of People with Each Score
Percentile by Number Answered
Your Score History
You have not taken this quiz